Statistics for Goo Goo Dolls on the Billboard Hot 100 Chart (USA)

Click here to take the quiz!

General Stats

  • This quiz has been taken 19 times
  • The average score is 5 of 12

Answer Stats

Peak Chart Position, Year Answer % Correct
9, 1998Iris
93%
8, 1999Slide
73%
5, 1996Name
67%
16, 1999Black Balloon
53%
64, 2002Big Machine
47%
18, 2002Here is Gone
40%
24, 2000Broadway
27%
36, 2005Better Days
27%
37, 2005Give a Little Bit
27%
51, 2006Stay With You
27%
86, 2007Before It's Too Late (Sam and Mikaela's Theme)
27%
92, 2008Real
20%

Score Distribution

Percentile by Number Answered

Percent of People with Each Score

Your Score History

You have not taken this quiz